000 00417nam a22001577a 4500
020 _a8122411355
082 _222
_a621.136
100 _akulkarni, P. D...[et al.].
245 _aTextbook of concrete technology /
250 _a2nd.
260 _aNew Delhi,
_bNew Age International,
_cc1998.
300 _axix, 320 p. ;
_bill. ;
_c 23 cm.
700 _aGhosh, R.K.
700 _aPhull, Y. R.
942 _2ddc
_cCIVIL
999 _c1208
_d1208